000 00521nam a22001697ib4500
001 IT\ICCU\PAL\0032610
003 ItRI
005 20260115232221.0
008 920430s1977 it |||||| ||||| |||||c
040 _bita
_cimportazione bologna sebina
041 7 _aita
_2ISO-639-2
245 0 3 _aIl libro dei film.
260 _aMilano :
_bCompagnia generale per le attività redazionali e promozionali,
_c[1977?]
300 _a288 p. :
_bill. ;
_c27 cm.
773 0 _wIT\ICCU\PAL\0032573
_tTutto cinema
_g4
942 _2ddc
_cBK
_n0
999 _c18948
_d18948